[Event "Voronezh op-A 23rd"]
[Site "Voronezh"]
[Date "2019.06.19"]
[Round "7"]
[White "Polschikov, Alexey"]
[Black "Dmitriev, Igor"]
[Result "1-0"]
[WhiteElo "2382"]
[BlackElo "2206"]
[PlyCount "85"]
[EventDate "2019.06.12"]
[EventType "swiss"]
[EventRounds "9"]
[EventCountry "RUS"]
[SourceTitle "EXT 2020"]
[Source "ChessBase"]
[SourceDate "2019.10.17"]
[SourceVersion "1"]
[SourceVersionDate "2019.10.17"]
[SourceQuality "1"]

1. d4 d6 2. e4 e6 3. c4 c5 4. Nf3 cxd4 5. Nxd4 a6 6. Nc3 Ne7 7. Be3 Ng6 8. Be2 Nd7 9. 0-0 Be7 10. f4 Nf6 11. f5 Ne5 12. Qe1 Nfg4 13. Bf4 Bg5 14. Bxg4 Nxg4 15. fxe6 fxe6 16. Qg3 Bf6 17. Nf3 Bxc3 18. Qxg4 Bxb2 19. Rad1 Qb6+ 20. Kh1 e5 21. Qxg7 exf4 22. e5 Rf8 23. Rfe1 d5 24. cxd5 Bf5 25. Qg5 Qg6 26. Qh4 Qg4 27. Qf2 Bc3 28. Re2 Kf7 29. Rc1 Rac8 30. e6+ Kg8 31. e7 Rfe8 32. d6 Bd3 33. h3 Qd7 34. Rxc3 Rxc3 35. Qd4 Rc2 36. Kh2 Bxe2 37. Qd5+ Kg7 38. Qg5+ Kf7 39. Qf5+ Kg7 40. Qg5+ Kh8 41. Qf6+ Kg8 42. Ne5 Qb5 43. Qf7+ 1-0

[Event "Voronezh op-A 23rd"]
[Site "Voronezh"]
[Date "2019.06.16"]
[Round "5"]
[White "Makoveev, Ilya"]
[Black "Dmitriev, Igor"]
[Result "0-1"]
[WhiteElo "2304"]
[BlackElo "2206"]
[PlyCount "124"]
[EventDate "2019.06.12"]
[EventType "swiss"]
[EventRounds "9"]
[EventCountry "RUS"]
[SourceTitle "EXT 2020"]
[Source "ChessBase"]
[SourceDate "2019.10.17"]
[SourceVersion "1"]
[SourceVersionDate "2019.10.17"]
[SourceQuality "1"]

1. e4 e6 2. d4 d6 3. Nc3 Be7 4. f4 c6 5. Nf3 Nh6 6. Bd3 f5 7. Be3 0-0 8. Qd2 d5 9. e5 b6 10. Nd1 Ba6 11. h3 c5 12. c3 Bxd3 13. Qxd3 Nc6 14. Nf2 c4 15. Qc2 b5 16. g4 Kh8 17. Ke2 b4 18. Rag1 Rb8 19. h4 Qb6 20. g5 Ng8 21. Bc1 Qa6 22. h5 Qxa2 23. Nh4 h6 24. Ng6+ Kh7 25. Nxf8+ Bxf8 26. Bd2 Qa6 27. Ra1 Qb6 28. Be3 Kh8 29. Rhg1 a5 30. gxh6 Nxh6 31. Nh3 Be7 32. Rg6 Nd8 33. Qa4 Nc6 34. Rag1 bxc3 35. bxc3 Qb2+ 36. Kf3 Qh2 37. R6g3 Rb2 38. Nf2 Qxh5+ 39. Kg2 Ng4 40. Rxg4 Qxg4+ 41. Kh2 Qh5+ 42. Kg2 Qg6+ 43. Kh1 Qe8 44. Qd1 Nd8 45. Nh3 a4 46. Bc1 Ra2 47. Rg3 Ra1 48. Ng1 Kg8 49. Qc2 a3 50. Be3 Bf8 51. Qh2 a2 52. Qb2 Qh5+ 53. Kg2 Qd1 54. Qb8 Nf7 55. Qb2 Qb1 56. Qe2 Nh6 57. Qh5 Qe4+ 58. Kh2 Ng4+ 59. Rxg4 fxg4 60. Qxg4 Qh7+ 61. Nh3 Rh1+ 62. Kxh1 a1Q+ 0-1

[Event "Voronezh op-A 23rd"]
[Site "Voronezh"]
[Date "2019.06.12"]
[Round "1"]
[White "Dmitriev, Igor"]
[Black "Omelja, Artem"]
[Result "0-1"]
[WhiteElo "2206"]
[BlackElo "2451"]
[PlyCount "92"]
[EventDate "2019.06.12"]
[EventType "swiss"]
[EventRounds "9"]
[EventCountry "RUS"]
[SourceTitle "EXT 2020"]
[Source "ChessBase"]
[SourceDate "2019.10.17"]
[SourceVersion "1"]
[SourceVersionDate "2019.10.17"]
[SourceQuality "1"]

1. Nf3 d5 2. c4 d4 3. b4 f6 4. Qa4+ c6 5. d3 e5 6. Bd2 Qd7 7. Na3 c5 8. b5 b6 9. Nc2 a5 10. e4 Bd6 11. Nh4 Ne7 12. Be2 h5 13. 0-0-0 g5 14. Nf3 Ng6 15. Rdf1 Na6 16. Nce1 Nc7 17. Qd1 Qh7 18. h4 g4 19. Ng1 Nf4 20. f3 g3 21. Kc2 Nce6 22. Qc1 Bf8 23. Bd1 Bh6 24. Nh3 Ra7 25. Nxf4 Bxf4 26. Bxf4 Nxf4 27. Qd2 f5 28. Kb3 Be6 29. Nc2 Rf7 30. Re1 0-0 31. Na3 Rf6 32. Bc2 Qh6 33. exf5 Rxf5 34. Re4 Kh7 35. Nb1 Bc8 36. Bd1 Bb7 37. Ree1 Rg8 38. Qc2 Qf6 39. Reg1 Ng6 40. Qe2 Rf4 41. Nd2 Rxh4 42. Qe1 Rxh1 43. Rxh1 Nf4 44. Ne4 Bxe4 45. Qxe4+ Kh6 46. Rg1 h4 0-1

[Event "Voronezh op-A 22nd"]
[Site "Voronezh"]
[Date "2018.06.20"]
[Round "8"]
[White "Palachev, Petr"]
[Black "Dmitriev, Igor"]
[Result "1-0"]
[WhiteElo "2405"]
[BlackElo "2236"]
[PlyCount "69"]
[EventDate "2018.06.12"]
[EventType "swiss"]
[EventRounds "9"]
[EventCountry "RUS"]
[SourceTitle "CBM 185 Extra"]
[Source "ChessBase"]
[SourceDate "2018.07.29"]
[SourceVersion "1"]
[SourceVersionDate "2018.07.29"]
[SourceQuality "1"]

1. d4 e6 2. Nf3 Nf6 3. Nbd2 Be7 4. e4 d6 5. Bd3 Nc6 6. c3 0-0 7. 0-0 a5 8. Re1 e5 9. a3 Re8 10. Nf1 Bg4 11. d5 Nb8 12. h3 Bd7 13. Be3 c6 14. c4 Na6 15. Ng3 Rc8 16. Rc1 Qc7 17. b3 Qb8 18. Qd2 Bd8 19. b4 axb4 20. axb4 cxd5 21. cxd5 Be7 22. Ra1 g6 23. Nh2 Qc7 24. Rec1 Qd8 25. Rcb1 Ra8 26. Qe2 Qc7 27. Nf3 Bf8 28. Nd2 Qc3 29. Rc1 Qxb4 30. Rab1 Qa4 31. Bc2 Qa2 32. Ra1 Qb2 33. Nc4 Bb5 34. Nxb2 Bxe2 35. Nxe2 1-0

[Event "Voronezh op-A 22nd"]
[Site "Voronezh"]
[Date "2018.06.13"]
[Round "2"]
[White "Pokhvalit, Alexander"]
[Black "Dmitriev, Igor"]
[Result "0-1"]
[WhiteElo "2087"]
[BlackElo "2236"]
[PlyCount "112"]
[EventDate "2018.06.12"]
[EventType "swiss"]
[EventRounds "9"]
[EventCountry "RUS"]
[SourceTitle "CBM 185 Extra"]
[Source "ChessBase"]
[SourceDate "2018.07.29"]
[SourceVersion "1"]
[SourceVersionDate "2018.07.29"]
[SourceQuality "1"]

1. e4 c6 2. c4 d5 3. exd5 cxd5 4. cxd5 Nf6 5. Nc3 Nxd5 6. Nf3 e6 7. Qb3 Nc6 8. Bb5 Be7 9. Ne5 Bd7 10. Nxd5 Nxe5 11. Nxe7 Qxe7 12. 0-0 Bxb5 13. Qxb5+ Nc6 14. b3 0-0 15. Bb2 Rfd8 16. Bc3 Rd5 17. Qe2 Rad8 18. Rac1 Qh4 19. g3 Qh3 20. a4 h5 21. Qe4 R8d7 22. b4 a6 23. Rb1 Nd4 24. Kh1 Nb3 25. Rfd1 Nxd2 26. Rxd2 Rxd2 27. Bxd2 Rxd2 28. Rc1 g6 29. Qf4 Rd7 30. Qh6 Rd8 31. Qg5 Re8 32. f3 e5 33. b5 axb5 34. axb5 Qd7 35. b6 Qd3 36. Qf6 e4 37. Qc3 Qxf3+ 38. Qxf3 exf3 39. Kg1 Re6 40. Rb1 Re2 41. Rb3 Kg7 42. Rb5 Kf6 43. Rb3 Ke6 44. Rxf3 Rb2 45. Re3+ Kf6 46. Rf3+ Kg7 47. h4 Rxb6 48. Kg2 Rb2+ 49. Kf1 b5 50. Ke1 f6 51. Kd1 g5 52. Kc1 Rg2 53. hxg5 fxg5 54. Rb3 Kg6 55. Kd1 Kf5 56. Ke1 Kg4 0-1

[Event "Sochi ChessAmateur op"]
[Site "Sochi"]
[Date "2018.04.07"]
[Round "9"]
[White "Tuzhik, Artem"]
[Black "Dmitriev, Igor"]
[Result "1/2-1/2"]
[WhiteElo "2208"]
[BlackElo "2235"]
[PlyCount "71"]
[EventDate "2018.04.01"]
[EventType "swiss"]
[EventRounds "9"]
[EventCountry "RUS"]
[SourceTitle "CBM 184 Extra"]
[Source "ChessBase"]
[SourceDate "2018.06.28"]
[SourceVersion "1"]
[SourceVersionDate "2018.06.28"]
[SourceQuality "1"]

1. e4 d6 2. d4 e6 3. Bd3 Nc6 4. Nf3 Be7 5. c3 Nf6 6. Bf4 Nd7 7. h3 e5 8. Be3 Bf6 9. 0-0 0-0 10. Nbd2 Re8 11. d5 Ne7 12. b4 h6 13. c4 Ng6 14. g3 a5 15. a3 axb4 16. axb4 Rxa1 17. Qxa1 Bg5 18. Nxg5 hxg5 19. Nf3 Ndf8 20. Bxg5 f6 21. Be3 Bxh3 22. Rc1 Qd7 23. Nh2 f5 24. exf5 Bxf5 25. Bxf5 Qxf5 26. Re1 Re7 27. Qb1 e4 28. f4 b5 29. Qa2 bxc4 30. Qxc4 Qh3 31. Nf1 Nh7 32. Bd4 Nxf4 33. gxf4 Qg4+ 34. Kf2 Qf3+ 35. Kg1 Qg4+ 36. Kf2 1/2-1/2

[Event "Sochi ChessAmateur op"]
[Site "Sochi"]
[Date "2018.04.04"]
[Round "6"]
[White "Dmitriev, Igor"]
[Black "Novitzkij, Dmitrij"]
[Result "0-1"]
[WhiteElo "2235"]
[BlackElo "2310"]
[PlyCount "70"]
[EventDate "2018.04.01"]
[EventType "swiss"]
[EventRounds "9"]
[EventCountry "RUS"]
[SourceTitle "CBM 184 Extra"]
[Source "ChessBase"]
[SourceDate "2018.06.28"]
[SourceVersion "1"]
[SourceVersionDate "2018.06.28"]
[SourceQuality "1"]

1. Nf3 d5 2. e3 Nf6 3. c4 c6 4. Nc3 e6 5. Qc2 Nbd7 6. d4 Bd6 7. b3 0-0 8. Bd3 e5 9. cxd5 cxd5 10. dxe5 Nxe5 11. Nd4 Bd7 12. Bd2 Rc8 13. 0-0 a6 14. Rad1 Bb4 15. Nde2 Qa5 16. Bf5 d4 17. exd4 Nf3+ 18. gxf3 Bxf5 19. Qb2 Bh3 20. Ne4 Bxd2 21. Qxd2 Qxd2 22. Nxf6+ gxf6 23. Rxd2 Bxf1 24. Kxf1 Rfd8 25. d5 Kf8 26. Nf4 Ke7 27. Nh5 Rc1+ 28. Kg2 Rg8+ 29. Kh3 Rc3 30. Re2+ Kd6 31. Re3 Rxe3 32. fxe3 f5 33. e4 fxe4 34. fxe4 Ke5 35. Ng3 Rc8 0-1

[Event "Sochi Doroshkevich Amateur op"]
[Site "Sochi"]
[Date "2017.12.27"]
[Round "8"]
[White "Dmitriev, Igor"]
[Black "Kornilovich, Dmitry"]
[Result "1-0"]
[WhiteElo "2256"]
[BlackElo "2164"]
[PlyCount "179"]
[EventDate "2017.12.21"]
[EventType "swiss"]
[EventRounds "9"]
[EventCountry "RUS"]
[SourceTitle "CBM 182 Extra"]
[Source "ChessBase"]
[SourceDate "2018.02.23"]
[SourceVersion "1"]
[SourceVersionDate "2018.02.23"]
[SourceQuality "1"]

1. Nf3 Nf6 2. e3 g6 3. b4 Bg7 4. Bb2 d6 5. c4 0-0 6. Qc2 c6 7. Nc3 Na6 8. a3 Nc7 9. Be2 e5 10. 0-0 Re8 11. d3 Bd7 12. Rac1 a6 13. Na4 Bf5 14. e4 Bg4 15. c5 Bxf3 16. Bxf3 dxc5 17. Nxc5 Rb8 18. a4 Nd7 19. Nb3 Ne6 20. Bg4 Ndf8 21. g3 Qg5 22. Bf3 Rbd8 23. Bg2 h5 24. h4 Qe7 25. Bc3 g5 26. hxg5 Qxg5 27. Nd2 Ng6 28. Nf3 Qg4 29. Nh2 Qg5 30. Nf3 Qf6 31. Bd2 Nd4 32. Nxd4 Rxd4 33. Bc3 Rd7 34. f4 h4 35. f5 Nf8 36. gxh4 Bh6 37. Bd2 Qxh4 38. Rf3 Bxd2 39. Qxd2 Nh7 40. Rh3 Qg5 41. Qxg5+ Nxg5 42. Rg3 f6 43. Bf1 Red8 44. a5 Rd4 45. Rb1 Kf7 46. Be2 Rh8 47. Kg2 Ke7 48. Kf2 Nh3+ 49. Ke3 Nf4 50. Rf3 Rh4 51. Bf1 Rd8 52. Rg3 Kf7 53. Rd1 Rd4 54. Rb1 Rh1 55. Rf3 Rh4 56. Kd2 Rd8 57. Kc3 Rg8 58. Rb2 Rg1 59. Rbf2 Rhh1 60. d4 Ke7 61. dxe5 fxe5 62. Kc4 Kf6 63. Kc5 Nh5 64. Kb6 Ng3 65. Bd3 Rh7 66. Re3 Rd7 67. Rff3 Nh5 68. Bc4 Nf4 69. Rf1 Rg2 70. Rh1 Rb2 71. Rb3 Rxb3 72. Bxb3 Rd4 73. Bc2 Rxb4+ 74. Kc7 Rb2 75. Bb1 Rb5 76. Rd1 c5 77. Rd6+ Kg5 78. Ba2 c4 79. Kb8 Rc5 80. Kxb7 c3 81. f6 c2 82. f7 Rb5+ 83. Kxa6 Rb8 84. Rc6 Nd3 85. Rxc2 Nb4+ 86. Ka7 Rf8 87. Rg2+ Kf6 88. Rg8 Nxa2 89. Rxf8 Kg7 90. Re8 1-0

[Event "Sochi Doroshkevich Amateur op"]
[Site "Sochi"]
[Date "2017.12.25"]
[Round "6"]
[White "Dmitriev, Igor"]
[Black "Hakobyan, Romik"]
[Result "1-0"]
[WhiteElo "2256"]
[BlackElo "2045"]
[PlyCount "51"]
[EventDate "2017.12.21"]
[EventType "swiss"]
[EventRounds "9"]
[EventCountry "RUS"]
[SourceTitle "CBM 182 Extra"]
[Source "ChessBase"]
[SourceDate "2018.02.23"]
[SourceVersion "1"]
[SourceVersionDate "2018.02.23"]
[SourceQuality "1"]

1. Nf3 d5 2. e3 c6 3. c4 Nf6 4. Nc3 g6 5. b3 Bg7 6. Bb2 0-0 7. Be2 a6 8. 0-0 b5 9. Rc1 Nbd7 10. Nd4 Bb7 11. cxd5 cxd5 12. f4 Rc8 13. Ba1 e6 14. Bf3 Ne4 15. Nxe4 dxe4 16. Rxc8 Qxc8 17. Be2 e5 18. fxe5 Nxe5 19. Bc3 Qc5 20. b4 Qd6 21. a4 Bc6 22. Nxc6 Nxc6 23. Bxg7 Kxg7 24. Qc2 Qd7 25. Qb2+ f6 26. axb5 1-0

[Event "Samara Polugaevsky Memorial 7th"]
[Site "Samara"]
[Date "2017.07.11"]
[Round "4"]
[White "Dmitriev, Igor"]
[Black "Tyurin, Ilya"]
[Result "0-1"]
[WhiteElo "2235"]
[BlackElo "2009"]
[PlyCount "72"]
[EventDate "2017.07.08"]
[EventType "swiss"]
[EventRounds "9"]
[EventCountry "RUS"]
[SourceTitle "EXT 2018"]
[Source "ChessBase"]
[SourceDate "2017.10.13"]
[SourceVersion "1"]
[SourceVersionDate "2017.10.13"]
[SourceQuality "1"]

1. c4 e5 2. g3 Nf6 3. Bg2 d5 4. cxd5 Nxd5 5. Qa4+ c6 6. Nf3 Bd6 7. Nc3 Nxc3 8. bxc3 Qe7 9. 0-0 0-0 10. d3 Kh8 11. Nd2 f5 12. Bb2 Nd7 13. Qc2 Rf6 14. Nc4 Bc7 15. d4 e4 16. e3 b5 17. Nd2 Nb6 18. Rfe1 Re6 19. c4 bxc4 20. Nxc4 Nd5 21. Ba3 Qf7 22. Rac1 Ba6 23. Bf1 Bb5 24. Bc5 Rae8 25. a4 Bxc4 26. Bxc4 Ba5 27. Rf1 Qh5 28. Qe2 Qh3 29. Bxd5 cxd5 30. Bxa7 g5 31. Rc5 f4 32. f3 exf3 33. Qxf3 Rxe3 34. Qg2 Qh5 35. gxf4 Re2 36. Qg3 Be1 0-1

[Event "Saratov Region-ch"]
[Site "Saratov"]
[Date "2016.12.20"]
[Round "6"]
[White "Dmitriev, Igor"]
[Black "Iljushina, Olga"]
[Result "1/2-1/2"]
[WhiteElo "2250"]
[BlackElo "2248"]
[PlyCount "96"]
[EventDate "2016.12.15"]
[EventType "swiss"]
[EventRounds "9"]
[EventCountry "RUS"]
[SourceTitle "EXT 2018"]
[Source "ChessBase"]
[SourceDate "2017.10.13"]
[SourceVersion "1"]
[SourceVersionDate "2017.10.13"]
[SourceQuality "1"]

1. d4 Nf6 2. Nc3 d5 3. Bg5 Bf5 4. Bxf6 exf6 5. e3 c6 6. Bd3 Qd7 7. Nge2 h5 8. e4 dxe4 9. Bxe4 Na6 10. a3 Bxe4 11. Nxe4 f5 12. N4c3 Nc7 13. Qd3 g6 14. Qe3+ Qe6 15. Qf3 Bh6 16. 0-0 0-0-0 17. Rfd1 h4 18. Rab1 Rhg8 19. b4 g5 20. d5 g4 21. Qxg4 Rxg4 22. dxe6 fxe6 23. Rxd8+ Kxd8 24. b5 cxb5 25. Nxb5 Nxb5 26. Rxb5 Kc7 27. Kf1 Ra4 28. Rb3 Bf8 29. Nc3 Ra5 30. Nb5+ Kb6 31. c4 Bc5 32. Rd3 a6 33. Nd4 Bxd4 34. Rxd4 Rxa3 35. Rxh4 a5 36. Rh8 Kc5 37. Rc8+ Kd4 38. g3 a4 39. h4 Ra1+ 40. Kg2 Kc3 41. c5 a3 42. c6 bxc6 43. Rxc6+ Kb2 44. Rxe6 a2 45. Rb6+ Kc2 46. Ra6 Kb2 47. Rb6+ Kc2 48. Rc6+ Kb2 1/2-1/2

[Event "Samara Polugaevsky Memorial 6th"]
[Site "Samara"]
[Date "2016.07.08"]
[Round "6"]
[White "Gitelson, Arkady"]
[Black "Dmitriev, Igor"]
[Result "1-0"]
[WhiteElo "2099"]
[BlackElo "2284"]
[PlyCount "85"]
[EventDate "2016.07.03"]
[EventType "swiss"]
[EventRounds "9"]
[EventCountry "RUS"]
[SourceTitle "EXT 2019"]
[Source "ChessBase"]
[SourceDate "2018.10.10"]
[SourceVersion "1"]
[SourceVersionDate "2018.10.10"]
[SourceQuality "1"]

1. e4 c6 2. d4 d5 3. exd5 cxd5 4. Bd3 Nf6 5. h3 Nc6 6. c3 g6 7. Nf3 Qc7 8. 0-0 Bf5 9. Re1 Bxd3 10. Qxd3 e6 11. Na3 a6 12. Nc2 Bg7 13. Ne3 Rc8 14. Ng4 Nxg4 15. hxg4 h6 16. Bd2 Qd6 17. Re2 g5 18. Nh2 0-0 19. Rae1 Rfd8 20. Nf1 b5 21. Ng3 Qf8 22. Nh5 Ne7 23. f4 gxf4 24. Bxf4 Ng6 25. Bd2 Rc6 26. Qh3 b4 27. g3 bxc3 28. bxc3 Rb8 29. Rh2 Rb2 30. g5 Bh8 31. gxh6 Kh7 32. Rf2 Rxd2 33. Rxd2 Rxc3 34. Rf1 f5 35. Rb1 Qc8 36. Qf1 Kxh6 37. Qd1 Qc4 38. Kh1 Kg5 39. Nf4 Nxf4 40. gxf4+ Kxf4 41. Rf2+ Kg5 42. Qd2+ Kg6 43. Rg2+ 1-0

[Event "Voronezh op-A 20th"]
[Site "Voronezh"]
[Date "2016.06.16"]
[Round "5"]
[White "Vastrukhin, Oleg"]
[Black "Dmitriev, Igor"]
[Result "1-0"]
[WhiteElo "2394"]
[BlackElo "2259"]
[PlyCount "67"]
[EventDate "2016.06.12"]
[EventType "swiss"]
[EventRounds "9"]
[EventCountry "RUS"]
[SourceTitle "EXT 2019"]
[Source "ChessBase"]
[SourceDate "2018.10.10"]
[SourceVersion "1"]
[SourceVersionDate "2018.10.10"]
[SourceQuality "1"]

1. Nf3 g6 2. d4 Bg7 3. e4 d6 4. Nc3 a6 5. h4 h6 6. Bd3 Nc6 7. d5 Ne5 8. Nxe5 Bxe5 9. Be3 h5 10. f4 Bg7 11. Be2 e5 12. dxe6 Bxe6 13. Bd4 Bxd4 14. Qxd4 Qf6 15. e5 dxe5 16. fxe5 Qe7 17. 0-0-0 Nh6 18. Ne4 Nf5 19. Nf6+ Kf8 20. Qf4 Kg7 21. g4 hxg4 22. Bxg4 Rad8 23. Bxf5 Rxd1+ 24. Rxd1 Bxf5 25. h5 Qc5 26. c3 b5 27. Rh1 Qc4 28. h6+ Kf8 29. Qe3 b4 30. Rh4 Qc6 31. Qd4 Ke7 32. Nd5+ Ke8 33. e6 Rf8 34. e7 1-0

[Event "Voronezh op-A 20th"]
[Site "Voronezh"]
[Date "2016.06.15"]
[Round "4"]
[White "Dmitriev, Igor"]
[Black "Golubev, Roman"]
[Result "1-0"]
[WhiteElo "2259"]
[BlackElo "2337"]
[PlyCount "91"]
[EventDate "2016.06.12"]
[EventType "swiss"]
[EventRounds "9"]
[EventCountry "RUS"]
[SourceTitle "EXT 2019"]
[Source "ChessBase"]
[SourceDate "2018.10.10"]
[SourceVersion "1"]
[SourceVersionDate "2018.10.10"]
[SourceQuality "1"]

1. d4 Nf6 2. Nc3 d5 3. Bg5 c5 4. e3 Nc6 5. Bb5 a6 6. Bxc6+ bxc6 7. Qd2 Qa5 8. Nge2 e6 9. Nc1 Nd7 10. 0-0 f6 11. Bh4 Bd6 12. Bg3 Qc7 13. Bxd6 Qxd6 14. Nb3 c4 15. Na5 Rb8 16. Rfb1 0-0 17. Na4 Qc7 18. b4 e5 19. a3 e4 20. Kh1 f5 21. f4 exf3 22. gxf3 Rf6 23. Rg1 Nf8 24. Nc5 Ne6 25. Rg2 Nxc5 26. dxc5 f4 27. Rag1 g6 28. Qd4 Qf7 29. e4 Bh3 30. Rg5 Re8 31. Rh5 Be6 32. Re5 Rc8 33. Nxc6 Rxc6 34. exd5 Bxd5 35. Rxd5 Rce6 36. Rd8+ Kg7 37. a4 Kh6 38. b5 axb5 39. axb5 Qb7 40. Qd5 Qxd5 41. Rxd5 Re2 42. c6 Rxc2 43. c7 Rf8 44. Rd8 Rf5 45. c8Q Rh5 46. h3 1-0

[Event "Voronezh op-A 20th"]
[Site "Voronezh"]
[Date "2016.06.13"]
[Round "2"]
[White "Dmitriev, Igor"]
[Black "Lugovskoy, Maxim"]
[Result "1/2-1/2"]
[WhiteElo "2259"]
[BlackElo "2462"]
[PlyCount "101"]
[EventDate "2016.06.12"]
[EventType "swiss"]
[EventRounds "9"]
[EventCountry "RUS"]
[SourceTitle "EXT 2019"]
[Source "ChessBase"]
[SourceDate "2018.10.10"]
[SourceVersion "1"]
[SourceVersionDate "2018.10.10"]
[SourceQuality "1"]

1. d4 d5 2. Bg5 h6 3. Bh4 c6 4. Nf3 Qb6 5. Qc1 Nd7 6. e3 e5 7. dxe5 Nxe5 8. Nbd2 Nxf3+ 9. Nxf3 Bd6 10. Be2 Bg4 11. 0-0 Ne7 12. Bg3 Bxg3 13. hxg3 0-0 14. c4 Rad8 15. c5 Qc7 16. Rd1 Rfe8 17. Rd4 Bxf3 18. gxf3 Ng6 19. f4 Nf8 20. Bg4 Ne6 21. Rd3 g6 22. Bxe6 fxe6 23. Qc2 e5 24. Ra3 Qf7 25. fxe5 Rxe5 26. Rxa7 Rf8 27. Ra4 Qe6 28. Qd3 Kh7 29. Rh4 Ref5 30. Rf1 Qe5 31. Rd4 Rf3 32. Kg2 Qf6 33. Qe2 g5 34. Rb4 Rf7 35. e4 Qe5 36. Qxf3 Rxf3 37. Kxf3 dxe4+ 38. Rxe4 Qf5+ 39. Ke3 g4 40. b4 Qg5+ 41. Rf4 Qe5+ 42. Kd2 Qb2+ 43. Kd3 Qa3+ 44. Kd2 Qxa2+ 45. Kc3 Qe2 46. Rc1 Kg6 47. Rc2 Qe5+ 48. Kb3 Qd5+ 49. Kb2 Qe5+ 50. Kb3 h5 51. Rd2 1/2-1/2

[Event "Nezhmetdinov Memorial 38th"]
[Site "Kazan"]
[Date "2016.06.05"]
[Round "6"]
[White "Dmitriev, Igor"]
[Black "Gubajdullin, Alexey"]
[Result "1/2-1/2"]
[WhiteElo "2259"]
[BlackElo "2346"]
[PlyCount "70"]
[EventDate "2016.05.31"]
[EventType "swiss"]
[EventRounds "9"]
[EventCountry "RUS"]
[SourceTitle "CBM 172 Extra"]
[Source "ChessBase"]
[SourceDate "2016.06.21"]
[SourceVersion "1"]
[SourceVersionDate "2016.06.21"]
[SourceQuality "1"]

1. d4 f5 2. Nc3 Nf6 3. Bg5 d5 4. e3 e6 5. Nf3 Be7 6. Bd3 0-0 7. 0-0 Nbd7 8. Ne2 Ne4 9. Bxe7 Qxe7 10. c4 c6 11. Qb3 Kh8 12. Rad1 g5 13. Ne5 Nxe5 14. dxe5 Qg7 15. f4 Nc5 16. Qa3 b6 17. Nd4 Rg8 18. Rf2 gxf4 19. exf4 Nxd3 20. Rxd3 c5 21. Rg3 Qf8 22. Rxg8+ Qxg8 23. Nb5 Bb7 24. cxd5 Qg4 25. Nc7 Qd1+ 26. Rf1 Qd4+ 27. Kh1 Rg8 28. Qf3 Qxb2 29. Nxe6 Qxa2 30. Rd1 h6 31. Qh3 Rg6 32. Nf8 Rg7 33. Ne6 Rg6 34. Nf8 Rg7 35. Ne6 Rg6 1/2-1/2

[Event "Nezhmetdinov Memorial 38th"]
[Site "Kazan"]
[Date "2016.06.01"]
[Round "2"]
[White "Dmitriev, Igor"]
[Black "Moskalenko, Alexander"]
[Result "0-1"]
[WhiteElo "2259"]
[BlackElo "2464"]
[PlyCount "90"]
[EventDate "2016.05.31"]
[EventType "swiss"]
[EventRounds "9"]
[EventCountry "RUS"]
[SourceTitle "CBM 172 Extra"]
[Source "ChessBase"]
[SourceDate "2016.06.21"]
[SourceVersion "1"]
[SourceVersionDate "2016.06.21"]
[SourceQuality "1"]

1. d4 d5 2. Bg5 h6 3. Bh4 c5 4. Nc3 Nc6 5. e3 cxd4 6. exd4 a6 7. Be2 Nf6 8. Bxf6 gxf6 9. Bf3 e6 10. Nge2 f5 11. Qd3 Bd6 12. h3 Nb4 13. Qd2 Qg5 14. Nd1 Bd7 15. a3 Nc6 16. g4 f4 17. Ndc3 Ne7 18. 0-0-0 Ng6 19. Rde1 Nh4 20. Ng1 0-0-0 21. Bd1 Kb8 22. Nf3 Nxf3 23. Bxf3 Rhe8 24. Kb1 Rc8 25. Ne2 Ba4 26. Rc1 Rc7 27. Ng1 f6 28. Bd1 f3 29. Qa5 Bb5 30. Nxf3 Qf4 31. Re1 e5 32. Re3 e4 33. Qe1 Rec8 34. Nh4 Qg5 35. Nf5 Bf4 36. c3 h5 37. Ka1 hxg4 38. hxg4 Bd7 39. Bb3 Bxf5 40. gxf5 Qxf5 41. Rc2 Rg7 42. Ka2 Bxe3 43. fxe3 Rg5 44. Rf2 Qe6 45. Qf1 Rc6 0-1

[Event "Nezhmetdinov Memorial 38th"]
[Site "Kazan"]
[Date "2016.05.31"]
[Round "1"]
[White "Grekhov, Luka"]
[Black "Dmitriev, Igor"]
[Result "0-1"]
[WhiteElo "1639"]
[BlackElo "2259"]
[PlyCount "60"]
[EventDate "2016.05.31"]
[EventType "swiss"]
[EventRounds "9"]
[EventCountry "RUS"]
[SourceTitle "CBM 172 Extra"]
[Source "ChessBase"]
[SourceDate "2016.06.21"]
[SourceVersion "1"]
[SourceVersionDate "2016.06.21"]
[SourceQuality "1"]

1. d4 g6 2. c4 c5 3. g3 Bg7 4. e3 d6 5. Bg2 Qb6 6. Ne2 Nc6 7. dxc5 Qxc5 8. Qb3 Nf6 9. Bd2 0-0 10. Bc3 Ne5 11. Bxe5 Qxe5 12. Nbc3 Rb8 13. Qb5 Qxb5 14. Nxb5 a6 15. Nbd4 e5 16. Nb3 Be6 17. Nd2 Rfc8 18. Rc1 b5 19. cxb5 axb5 20. a3 Nd7 21. 0-0 Nc5 22. Ne4 Nxe4 23. Bxe4 Bc4 24. Rc2 d5 25. Bg2 d4 26. exd4 exd4 27. Rd2 Re8 28. Bf3 Bh6 29. Rxd4 Bxe2 30. Bxe2 Rxe2 0-1

[Event "Saratov Regional-ch"]
[Site "Saratov"]
[Date "2015.12.13"]
[Round "9"]
[White "Dmitriev, Igor"]
[Black "Sanzhaev, Darsen"]
[Result "0-1"]
[WhiteElo "2237"]
[BlackElo "2359"]
[PlyCount "77"]
[EventDate "2015.12.05"]
[EventType "swiss"]
[EventRounds "9"]
[EventCountry "RUS"]
[SourceTitle "EXT 2017"]
[Source "ChessBase"]
[SourceDate "2016.10.25"]
[SourceVersion "1"]
[SourceVersionDate "2016.10.25"]
[SourceQuality "1"]

1. d4 d5 2. Bg5 Nf6 3. Nc3 Nbd7 4. e3 e6 5. Nf3 Be7 6. Qd2 c5 7. Bb5 0-0 8. h4 a6 9. Bxd7 Bxd7 10. Ne5 Rc8 11. f4 Ne8 12. Bxe7 Qxe7 13. h5 cxd4 14. exd4 Nd6 15. g4 Be8 16. Qd3 b5 17. a3 Nc4 18. Nxc4 Rxc4 19. h6 g6 20. Qe3 Qd6 21. 0-0-0 Bd7 22. Rd3 a5 23. Qe5 Qxe5 24. fxe5 f6 25. exf6 Rxf6 26. Nd1 Rf4 27. c3 Rc8 28. Rg1 g5 29. Re3 Kf7 30. Kd2 Kg6 31. Rh3 Rcf8 32. b4 axb4 33. axb4 Ra8 34. Kc2 Kf6 35. Nb2 Be8 36. Kb3 Bg6 37. Nd3 Bxd3 38. Rxd3 Rf2 39. Rdd1 0-1